| 000 | 02975cam a2200373 i 4500 | ||
|---|---|---|---|
| 001 | 20714450 | ||
| 003 | NUST | ||
| 005 | 20220825103356.0 | ||
| 008 | 180929s2019 nyua b 001 0 eng c | ||
| 010 | _a 2018027979 | ||
| 020 |
_a9780812995701 _q(hardcover : acid-free paper) |
||
| 020 |
_a9780812985719 _q(paperback) |
||
| 020 |
_z9780812995718 _q(ebook) |
||
| 038 | _aAzhar | ||
| 040 |
_aLBSOR/DLC _beng _erda _cLBSOR _dDLC |
||
| 042 | _apcc | ||
| 050 | 0 | 0 |
_aPN145 _b.D74 2019 |
| 082 | 0 | 0 |
_a808.02 _223 _bDRE |
| 100 | 1 |
_aDreyer, Benjamin, _eauthor. _994753 |
|
| 245 | 1 | 0 |
_aDreyer's English : _ban utterly correct guide to clarity and style _cBenjamin Dreyer. |
| 250 | _aFirst edition. | ||
| 260 |
_aNew York : _bRandom House, _c2019 |
||
| 300 |
_axviii, 291 pages : _billustrations ; _c22 cm |
||
| 336 |
_atext _btxt _2rdacontent |
||
| 337 |
_aunmediated _bn _2rdamedia |
||
| 338 |
_avolume _bnc _2rdacarrier |
||
| 504 | _aIncludes bibliographical references and index. | ||
| 505 | 0 | _aThe life-changing magic of tidying up (your prose) -- Rules and nonrules -- 59 assorted things to do (or not to do) with punctuation -- 1, 2, 3, go: the treatment of numbers -- Foreign affairs -- A little grammar is a dangerous thing -- The realities of fiction -- Notes on, amid a list of, frequently and/or easily misspelled words -- Peeves and crotchets -- The confusables -- Notes on proper nouns -- The trimmables -- The miscellany. | |
| 520 |
_a"Authoritative as it is amusing, this book distills everything Benjamin Dreyer has learned from the hundreds of books he has copyedited, including works by Elizabeth Strout, E. L. Doctorow, and Frank Rich, into a useful guide not just for writers but for everyone who wants to put their best foot forward in writing prose. Dreyer offers lessons on the ins and outs of punctuation and grammar, including how to navigate the words he calls 'the confusables,' like tricky homophones; the myriad ways to use (and misuse) a comma; and how to recognize--though not necessarily do away with--the passive voice. (Hint: If you can plausibly add 'by zombies' to the end of a sentence, it's passive.) People are sharing their writing more than ever--on blogs, on Twitter--and this book lays out, clearly and comprehensibly, everything writers can do to keep readers focused on the real reason writers write: to communicate their ideas clearly and effectively. Chock-full of advice, insider wisdom, and fun facts on the rules (and nonrules) of the English language, this book will prove invaluable to everyone who wants to shore up their writing skills, mandatory for people who spend their time editing and shaping other people's prose, and--perhaps best of all--an utter treat for anyone who simply revels in language"-- _cProvided by publishier. |
||
| 650 | 0 |
_aAuthorship _xTechnique. _997209 |
|
| 906 |
_a7 _bcbc _corignew _d1 _eecip _f20 _gy-gencatlg |
||
| 942 |
_2ddc _cLC |
||
| 999 |
_c590990 _d590990 |
||